=LDR 00000nam 2200000 4500 =001 NUTBA000000000001064 =005 20230515125641 =035 ##$$a 0010-041400000000334 =008 230515################g##########0#ind## =041 ##$$a ind =082 ##$$a 340 =090 ##$$a 338.9, Har p =100 3#$$a Abdul Latif,SH,MH =245 1#$$a Politik Hukum /$c Prof.Dr.Abdul Latif,SH,MH; H. Hasbi Ali, S.H., M.S =260 ##$$a Jakarta :$b Sinar Grafika,$c 2011 =300 ##$$a xii, 202 hlm ; $c 23 x 15,5 cm. =650 #4$$a Politik Hukum =700 #$$a Hasbi Ali, =850 ##$$a NBPNMAT =020 ##$$a 978-979-007-365-4 =084 ##$$a 340 ABD p =250 ##$$a cet.2 =990 ##$$a 21302573 =990 ##$$a 21302570 =990 ##$$a 21302571 =990 ##$$a 21302569 =990 ##$$a 21302572